000 00478nam a2200181Ia 4500
001 7580
005 20260306160505.0
008 260306t2021||||xx |||||||||||||| ||spa||
041 _aESP
082 _a351.85
_bV47
100 _aVera Novoa, Mario Ricardo
_eAUT
245 0 _aLos reestructurados sistemas administrativos en el Perú:
_búltimas versiones
260 _c2021
300 _a559 páginas :
_c25 cm.
650 _aGEN
654 _aCAN
942 _cLIB
_dJUS
_fJUS
_2ddc
_n
999 _c7580
_d7580